<?xml version="1.0" encoding="UTF-8"?>
<record
    xmlns:xsi="http://www.w3.org/2001/XMLSchema-instance"
    xsi:schemaLocation="http://www.loc.gov/MARC21/slim http://www.loc.gov/standards/marcxml/schema/MARC21slim.xsd"
    xmlns="http://www.loc.gov/MARC21/slim">

  <leader>03436nam a2200565Ia 4500</leader>
  <controlfield tag="001">4275</controlfield>
  <controlfield tag="008">241029s9999    xx            000 0 und d</controlfield>
  <datafield tag="010" ind1=" " ind2=" ">
    <subfield code="a">4019</subfield>
  </datafield>
  <datafield tag="041" ind1=" " ind2=" ">
    <subfield code="a">Espa&#xF1;ol</subfield>
  </datafield>
  <datafield tag="082" ind1=" " ind2=" ">
    <subfield code="a">MCESTE7</subfield>
  </datafield>
  <datafield tag="245" ind1=" " ind2="0">
    <subfield code="a">El liderazgo del director y su relaci&#xF3;n con el proceso de gesti&#xF3;n educativa, Distrito Educativo 11-02, Puerto Plata, R.D. Centros Educativos Primarios Virginia Elena Ortea y Mar&#xED;a Concepci&#xF3;n G&#xF3;mez Matos, Primer y Segundo Ciclo, a&#xF1;o lectivo 2013-2014.</subfield>
  </datafield>
  <datafield tag="260" ind1=" " ind2=" ">
    <subfield code="a">Puerto Plata</subfield>
  </datafield>
  <datafield tag="300" ind1=" " ind2=" ">
    <subfield code="a">121</subfield>
  </datafield>
  <datafield tag="520" ind1=" " ind2=" ">
    <subfield code="a">36</subfield>
  </datafield>
  <datafield tag="630" ind1=" " ind2=" ">
    <subfield code="a">Directores de Centro</subfield>
  </datafield>
  <datafield tag="630" ind1=" " ind2=" ">
    <subfield code="a">Directores de Escuelas</subfield>
  </datafield>
  <datafield tag="630" ind1=" " ind2=" ">
    <subfield code="a">Gesti&#xF3;n Escolar</subfield>
  </datafield>
  <datafield tag="630" ind1=" " ind2=" ">
    <subfield code="a">Liderazgo</subfield>
  </datafield>
  <datafield tag="650" ind1=" " ind2=" ">
    <subfield code="a">Liderazgo</subfield>
  </datafield>
  <datafield tag="690" ind1=" " ind2=" ">
    <subfield code="a">Copiado sin cambios</subfield>
  </datafield>
  <datafield tag="700" ind1=" " ind2=" ">
    <subfield code="e">asesor</subfield>
    <subfield code="a">Cabrera, Ceferina</subfield>
  </datafield>
  <datafield tag="700" ind1=" " ind2=" ">
    <subfield code="e">autor</subfield>
    <subfield code="a">Nolasco, Hilaria</subfield>
  </datafield>
  <datafield tag="700" ind1=" " ind2=" ">
    <subfield code="e">autor</subfield>
    <subfield code="a">Reyes Hern&#xE1;ndez , Ferm&#xED;n</subfield>
  </datafield>
  <datafield tag="901" ind1=" " ind2=" ">
    <subfield code="a">{"1":"Nolasco","2":"Reyes Hern&#xE1;ndez "}</subfield>
    <subfield code="b">{"1":"Hilaria","2":"Ferm&#xED;n"}</subfield>
  </datafield>
  <datafield tag="902" ind1=" " ind2=" ">
    <subfield code="a">1</subfield>
  </datafield>
  <datafield tag="903" ind1=" " ind2=" ">
    <subfield code="a">{"1":"Cabrera"}</subfield>
    <subfield code="b">{"1":"Ceferina"}</subfield>
  </datafield>
  <datafield tag="904" ind1=" " ind2=" ">
    <subfield code="a">Mag&#xED;ster en</subfield>
  </datafield>
  <datafield tag="905" ind1=" " ind2=" ">
    <subfield code="a">Ciencias de la Educaci&#xF3;n</subfield>
  </datafield>
  <datafield tag="906" ind1=" " ind2=" ">
    <subfield code="a">2</subfield>
  </datafield>
  <datafield tag="907" ind1=" " ind2=" ">
    <subfield code="a">NO APLICA</subfield>
  </datafield>
  <datafield tag="908" ind1=" " ind2=" ">
    <subfield code="a">NO APLICA</subfield>
  </datafield>
  <datafield tag="909" ind1=" " ind2=" ">
    <subfield code="a">Universidad Tecnol&#xF3;gica de Santiago (UTESA), Recinto Santiago</subfield>
  </datafield>
  <datafield tag="910" ind1=" " ind2=" ">
    <subfield code="a">NULL</subfield>
    <subfield code="b">NULL</subfield>
  </datafield>
  <datafield tag="911" ind1=" " ind2=" ">
    <subfield code="a">["1"]</subfield>
  </datafield>
  <datafield tag="912" ind1=" " ind2=" ">
    <subfield code="a">NO APLICA</subfield>
  </datafield>
  <datafield tag="913" ind1=" " ind2=" ">
    <subfield code="a">NULL</subfield>
  </datafield>
  <datafield tag="914" ind1=" " ind2=" ">
    <subfield code="a">01 de Mayo de 2014</subfield>
  </datafield>
  <datafield tag="915" ind1=" " ind2=" ">
    <subfield code="a">08/12/19 09:12</subfield>
  </datafield>
  <datafield tag="916" ind1=" " ind2=" ">
    <subfield code="a">NULL</subfield>
  </datafield>
  <datafield tag="917" ind1=" " ind2=" ">
    <subfield code="a">NULL</subfield>
  </datafield>
  <datafield tag="918" ind1=" " ind2=" ">
    <subfield code="a">NO APLICA</subfield>
  </datafield>
  <datafield tag="919" ind1=" " ind2=" ">
    <subfield code="a">["203","66","201","131"]</subfield>
  </datafield>
  <datafield tag="520" ind1=" " ind2=" ">
    <subfield code="a">La presente investigaci&#xF3;n contempl&#xF3; como objetivo general analizar el liderazgo del director y su relaci&#xF3;n con el proceso de gesti&#xF3;n educativa, en el Distrito Educativo 11-02, Puerto Plata, R.D. en los Centros Educativos Primarios Virginia Elena Ortea y Mar&#xED;a Concepci&#xF3;n G&#xF3;mez Matos, Primer y Segundo Ciclo, a&#xF1;o lectivo 2013-2014. Se tomaron en cuenta variables como la percepci&#xF3;n de los docentes en torno al liderazgo de la gesti&#xF3;n pedag&#xF3;gica y administrativa realizada por los directores de los Centros Educativos. Tambi&#xE9;n variables como las estrategias que utilizan los directores en el desempe&#xF1;o de sus funciones para dar seguimiento al proceso pedag&#xF3;gico y tambi&#xE9;n las que influyen en la gesti&#xF3;n directiva y planes de mejora.Se utiliz&#xF3; un dise&#xF1;o metodol&#xF3;gico de tipo descriptivo, que consiste en especificar las propiedades importantes de personas, grupos, comunidades o cualquier otro fen&#xF3;meno que sea sometido al an&#xE1;lisis. El instrumento de recolecci&#xF3;n de datos fue el cuestionario que se aplic&#xF3; a los maestros y directores de los Centros en cuesti&#xF3;n. Los resultados mostraron que las estrategias que utilizan los directores en el desempe&#xF1;o de sus funciones para dar seguimiento al proceso pedag&#xF3;gico son: trabajo en equipo, planificaci&#xF3;n, reuniones, desempe&#xF1;o, acompa&#xF1;amiento, supervisi&#xF3;n, monitoreo, manejo de riesgo, motivaci&#xF3;n. Tambi&#xE9;n los planes de mejora implementados por los directores de los Centros favorecen la mejora en la pr&#xE1;ctica pedag&#xF3;gica de los docentes de los centros.&#xA0;Se recomend&#xF3; a las autoridades directivas de ambos centros y a los docentes, continuar realizando una gesti&#xF3;n como hasta ahora, procurando mejorar los acompa&#xF1;amientos a los docentes, mejorando el di&#xE1;logo y atendiendo los problemas que surgen en el centro.</subfield>
  </datafield>
  <datafield tag="921" ind1=" " ind2=" ">
    <subfield code="a">11</subfield>
  </datafield>
  <datafield tag="922" ind1=" " ind2=" ">
    <subfield code="a">11</subfield>
  </datafield>
  <datafield tag="923" ind1=" " ind2=" ">
    <subfield code="a">0</subfield>
  </datafield>
  <datafield tag="924" ind1=" " ind2=" ">
    <subfield code="a">NO APLICA</subfield>
  </datafield>
  <datafield tag="942" ind1=" " ind2=" ">
    <subfield code="c">Tesis</subfield>
  </datafield>
  <datafield tag="999" ind1=" " ind2=" ">
    <subfield code="c">4019</subfield>
    <subfield code="d">4019</subfield>
  </datafield>
</record>
